[Event "XXXI Moglianoscacchi B"]
[Site "Mogliano Veneto ITA"]
[Date "2010.05.01"]
[Round "3"]
[White "Niespoli, Carlo"]
[Black "Pavanello, Roberto"]
[Result "1/2-1/2"]
[WhiteElo "1615"]
[BlackElo "1837"]
[PlyCount "82"]
[EventDate "2010.04.30"]

1. e4 e5 2. Nf3 Nc6 3. Bb5 a6 4. Bxc6 dxc6 5. O-O f6 6. d4 exd4 7. Nxd4 c5 8.
Nb3 Qxd1 9. Rxd1 Bd7 10. Be3 b6 11. a4 Ne7 12. a5 Nc6 13. axb6 cxb6 14. Nc3 Be7
15. Nd5 Bd8 16. Nd2 Be6 17. Nc4 Bxd5 18. exd5 Ne5 19. Nxe5 fxe5 20. c4 Kd7 21.
Bd2 Bf6 22. Bc3 Rhe8 23. Re1 b5 24. b3 bxc4 25. bxc4 e4 26. Bxf6 gxf6 27. Ra4
Kd6 28. Rb1 Reb8 29. Rxb8 Rxb8 30. Rxa6+ Ke5 31. g3 Rb4 32. Re6+ Kf5 33. g4+
Kxg4 34. Rxe4+ Kf3 35. Re3+ Kf4 36. Rc3 Ke5 37. Kg2 f5 38. Kf3 h5 39. h4 Ra4
40. Rc1 Ra3+ 41. Kg2 Rd3 1/2-1/2

[Event "XXXI Moglianoscacchi B"]
[Site "Mogliano Veneto ITA"]
[Date "2010.05.01"]
[Round "3"]
[White "Pelyushenko, Vladyslav"]
[Black "Perissotto, Mario"]
[Result "1-0"]
[WhiteElo "1791"]
[BlackElo "1676"]
[PlyCount "71"]
[EventDate "2010.04.30"]

1. d4 d5 2. Nf3 Nf6 3. c4 e6 4. Nc3 Bb4 5. Qc2 O-O 6. Bg5 h6 7. Bh4 Be7 8. e3
Nbd7 9. Bd3 c5 10. O-O cxd4 11. Nxd4 Nc5 12. cxd5 Nxd3 13. Qxd3 Nxd5 14. Bxe7
Nxe7 15. Rfd1 b6 16. Rac1 Bb7 17. Qb5 Nd5 18. e4 Nxc3 19. bxc3 Qf6 20. f3 Rac8
21. Qd7 e5 22. Nf5 Rb8 23. Rd6 Rfd8 24. Qc7 Qg5 25. Rcd1 Re8 26. h4 Qf4 27. Rg6
Qxf5 28. Rxg7+ Kxg7 29. exf5 Bxf3 30. gxf3 Rg8 31. Kh2 Rbc8 32. Qxe5+ Kh7 33.
Rd7 Rg7 34. f6 Rg6 35. Rxf7+ Kh8 36. Rg7 1-0

[Event "XXXI Moglianoscacchi B"]
[Site "Mogliano Veneto ITA"]
[Date "2010.05.01"]
[Round "3"]
[White "Penzo, Amleto"]
[Black "Cuppone, Fiorinto"]
[Result "1/2-1/2"]
[WhiteElo "1761"]
[BlackElo "1619"]
[PlyCount "47"]
[EventDate "2010.04.30"]

1. d4 Nf6 2. Nf3 c5 3. e3 g6 4. Bd3 Bg7 5. Nbd2 d5 6. dxc5 Nbd7 7. c3 Nxc5 8.
Bc2 O-O 9. O-O Qc7 10. Nb3 Rd8 11. Nxc5 Qxc5 12. Qe2 b5 13. Nd4 Bd7 14. Nf3
Rac8 15. Ne5 Be8 16. Nd3 Qc7 17. Bd2 e5 18. f3 a5 19. b4 a4 20. a3 Nd7 21. Rac1
Nb6 22. Nc5 Nc4 23. Ra1 Bf8 24. Nd3 1/2-1/2

[Event "XXXI Moglianoscacchi B"]
[Site "Mogliano Veneto ITA"]
[Date "2010.05.01"]
[Round "3"]
[White "Pompili, Alberto"]
[Black "Chiesa, Roberto"]
[Result "1/2-1/2"]
[WhiteElo "1849"]
[BlackElo "1803"]
[PlyCount "62"]
[EventDate "2010.04.30"]

1. d4 e6 2. Nf3 b6 3. e4 Bb7 4. Bd3 c5 5. c3 Nf6 6. Qe2 d5 7. e5 Nfd7 8. O-O
Nc6 9. a3 Be7 10. Bf4 Rc8 11. Nbd2 cxd4 12. cxd4 O-O 13. Rfe1 Re8 14. Qe3 Nf8
15. h3 f6 16. Rad1 a5 17. Bb1 Ba6 18. exf6 Bxf6 19. Be5 Bxe5 20. Nxe5 Nxe5 21.
dxe5 Nd7 22. Nf3 Rc5 23. Ng5 Nf8 24. Rd4 h6 25. Nf3 Rc4 26. Red1 Re7 27. Rxc4
Bxc4 28. Rd4 Qc7 29. Rg4 Kh8 30. Nh4 Bb5 31. Rd4 Be8 1/2-1/2

[Event "XXXI Moglianoscacchi B"]
[Site "Mogliano Veneto ITA"]
[Date "2010.05.01"]
[Round "3"]
[White "Reginato, Lino"]
[Black "Guarnieri, Matteo"]
[Result "0-1"]
[WhiteElo "1748"]
[BlackElo "1700"]
[PlyCount "50"]
[EventDate "2010.04.30"]

1. d4 Nf6 2. Nf3 d5 3. Bf4 Bg4 4. e3 e6 5. c4 Bb4+ 6. Nc3 c6 7. a3 Bxc3+ 8.
bxc3 Qa5 9. Qb3 Nbd7 10. Bd6 Ne4 11. Bb4 Qc7 12. Be2 a5 13. Qa4 Qd8 14. Bc5
Ndxc5 15. dxc5 Qf6 16. O-O Nxc3 17. Qc2 Nxe2+ 18. Qxe2 dxc4 19. Qxc4 Bxf3 20.
gxf3 Qxf3 21. Rad1 h5 22. Rd4 Rh6 23. Rfd1 Qh3 24. f4 Rg6+ 25. Kf2 Rg2+ 0-1

[Event "XXXI Moglianoscacchi B"]
[Site "Mogliano Veneto ITA"]
[Date "2010.05.01"]
[Round "3"]
[White "Reginato, Mauro"]
[Black "Pozzobon, Davide"]
[Result "1-0"]
[WhiteElo "1904"]
[BlackElo "1770"]
[PlyCount "83"]
[EventDate "2010.04.30"]

1. e4 c5 2. Nf3 d6 3. d4 cxd4 4. Nxd4 Nf6 5. Nc3 a6 6. a4 e6 7. Be2 Be7 8. O-O
Nc6 9. Be3 Qc7 10. Qd2 O-O 11. Nxc6 bxc6 12. b4 Rd8 13. a5 Qb7 14. Rfb1 d5 15.
e5 Nd7 16. Qd4 Qc7 17. Na4 Rb8 18. Nb6 c5 19. Qc3 Nxb6 20. axb6 Rxb6 21. Bxc5
Bxc5 22. bxc5 Rc6 23. Qa5 Rxc5 24. Qxc7 Rxc7 25. Rb8 Rxc2 26. Bxa6 Rc6 27. Bb5
Rc5 28. h3 Kf8 29. Ra7 d4 30. Rd7 Rxd7 31. Bxd7 d3 32. Bxc8 d2 33. Bxe6+ Ke7
34. Bg4 Rc1+ 35. Kh2 d1=Q 36. Rb7+ Ke8 37. Bxd1 Rxd1 38. e6 fxe6 39. Rxg7 Rd2
40. Kg3 Rd3+ 41. f3 h5 42. Rg5 1-0

[Event "XXXI Moglianoscacchi B"]
[Site "Mogliano Veneto ITA"]
[Date "2010.05.01"]
[Round "3"]
[White "Rossi, Gianni"]
[Black "Maddaloni, Giovanni"]
[Result "1-0"]
[WhiteElo "1886"]
[BlackElo "1776"]
[PlyCount "50"]
[EventDate "2010.04.30"]

1. d4 Nf6 2. f3 d5 3. e4 dxe4 4. Nc3 exf3 5. Nxf3 Bg4 6. h3 Bh5 7. g4 Bg6 8.
Ne5 e6 9. Qf3 c6 10. g5 Nd5 11. Bd3 Qc7 12. Bxg6 hxg6 13. O-O Bb4 14. Nxd5 cxd5
15. Qxf7+ Qxf7 16. Rxf7 Nc6 17. Rxb7 Nxd4 18. c3 Nc2 19. Rb1 Bc5+ 20. Kh2 O-O
21. Nd3 Bb6 22. Bf4 Ne3 23. Re1 Nf5 24. Rxe6 Rfe8 25. Rxe8+ 25... Rxe8 {...}
1-0

[Event "XXXI Moglianoscacchi B"]
[Site "Mogliano Veneto ITA"]
[Date "2010.05.01"]
[Round "3"]
[White "Sotter-Klundt, Gerlinde"]
[Black "Zordan, Antonio"]
[Result "1-0"]
[WhiteElo "1813"]
[BlackElo "1777"]
[PlyCount "69"]
[EventDate "2010.04.30"]

1. d4 d5 2. c4 e6 3. Nc3 c6 4. e3 Nf6 5. Nf3 Nbd7 6. Bd3 dxc4 7. Bxc4 Nb6 8.
Bd3 c5 9. O-O Bd7 10. e4 Bc6 11. Bc2 Qc7 12. Qe2 Rd8 13. dxc5 Bxc5 14. Bg5 h6
15. Bh4 e5 16. Rfd1 Nbd7 17. h3 g5 18. Bg3 g4 19. hxg4 Nxg4 20. Nh4 Rg8 21. Qf3
Bd4 22. Bb3 Nc5 23. Bd5 Rd6 24. Nf5 Rf6 25. Bh4 Rfg6 26. Bxc6+ bxc6 27. Rac1
Ne6 28. Nd5 Qb8 29. Rxc6 h5 30. Nd6+ Kd7 31. Rdc1 R8g7 32. Qf5 Nxf2 33. Rc7+
Qxc7 34. Rxc7+ Kxd6 35. Be7# 1-0

[Event "XXXI Moglianoscacchi B"]
[Site "Mogliano Veneto ITA"]
[Date "2010.05.01"]
[Round "3"]
[White "Stefan, Marco"]
[Black "Scian, Nicola"]
[Result "1-0"]
[WhiteElo "1862"]
[BlackElo "1689"]
[PlyCount "107"]
[EventDate "2010.04.30"]

1. e4 e5 2. Nf3 Nc6 3. Bb5 a6 4. Bxc6 dxc6 5. O-O f6 6. d4 exd4 7. Nxd4 c5 8.
Nb3 Qxd1 9. Rxd1 Bd6 10. Be3 b6 11. a4 Bb7 12. f3 O-O-O 13. Na3 Nh6 14. a5 Be7
15. axb6 cxb6 16. Nc4 Kc7 17. Bf4+ Kc6 18. Ne3 Nf7 19. Nf5 Rxd1+ 20. Rxd1 Bf8
21. Kf2 g6 22. Ne3 Be7 23. Nd5 Bd8 24. Nc1 Re8 25. Ne2 Bc8 26. c4 f5 27. Nec3
Ne5 28. Bxe5 Rxe5 29. f4 Re8 30. e5 b5 31. cxb5+ axb5 32. Nf6 Bxf6 33. Rd6+ Kb7
34. Rxf6 Bd7 35. Rf7 Kc6 36. Rxh7 b4 37. Nd5 Kxd5 38. Rxd7+ Ke4 39. g3 c4 40.
Ke2 Rh8 41. h4 g5 42. fxg5 f4 43. gxf4 Rxh4 44. e6 Rh2+ 45. Kd1 Rh1+ 46. Kd2
Rh2+ 47. Kc1 Kxf4 48. e7 Rh1+ 49. Rd1 Rh8 50. Re1 Ra8 51. e8=Q Ra1+ 52. Kd2 c3+
53. bxc3 bxc3+ 54. Kxc3 1-0

[Event "XXXI Moglianoscacchi B"]
[Site "Mogliano Veneto ITA"]
[Date "2010.05.01"]
[Round "3"]
[White "Zangrando, Gianpietro"]
[Black "Bonan, Yves"]
[Result "1-0"]
[WhiteElo "1822"]
[BlackElo "1859"]
[PlyCount "93"]
[EventDate "2010.04.30"]

1. c4 e5 2. Nc3 f5 3. g3 Nf6 4. Bg2 g6 5. d4 exd4 6. Qxd4 Nc6 7. Qd1 Bg7 8. Nf3
O-O 9. O-O d6 10. Ng5 Ne7 11. Nd5 h6 12. Nxf6+ Rxf6 13. Bd5+ Kh8 14. Nf7+ Rxf7
15. Bxf7 b6 16. Bd5 Nxd5 17. Qxd5 Rb8 18. Qf7 g5 19. Rb1 Bb7 20. Qxf5 Qe7 21.
Be3 Rf8 22. Qd3 Be4 23. Qd2 Bxb1 24. Rxb1 Qe4 25. Qd3 Re8 26. Qxe4 Rxe4 27. b3
Bd4 28. Bxd4+ Rxd4 29. a4 a5 30. Kf1 Rd2 31. Ke1 Ra2 32. f3 Kg7 33. Kf2 Kf6 34.
Ke3 Ke6 35. f4 gxf4+ 36. gxf4 Kf6 37. h4 h5 38. Rd1 Rb2 39. Rd3 Rb1 40. Kf2 Rh1
41. Kg3 Rg1+ 42. Kh3 Kf5 43. Rf3 Re1 44. e3 Rh1+ 45. Kg3 Rg1+ 46. Kh2 Rg7 47.
Rg3 {...} 1-0

[Event "XXXI Moglianoscacchi B"]
[Site "Mogliano Veneto ITA"]
[Date "2010.05.02"]
[Round "4"]
[White "Alfier, Cecilia"]
[Black "Della Sala, Bruno"]
[Result "1/2-1/2"]
[WhiteElo "1734"]
[BlackElo "1740"]
[PlyCount "120"]
[EventDate "2010.04.30"]

1. e4 e5 2. Nf3 Nc6 3. Bb5 a6 4. Ba4 f5 5. d3 fxe4 6. dxe4 Nf6 7. O-O d6 8. Bg5
Be7 9. Bxf6 Bxf6 10. Bb3 Na5 11. Ba4+ b5 12. Bb3 Nxb3 13. axb3 Be6 14. Nbd2 O-O
15. c4 Qe8 16. Qe2 b4 17. Qe3 Qg6 18. Kh1 Be7 19. Rg1 Rf4 20. g3 Rf7 21. Ne1
Bg5 22. f4 exf4 23. gxf4 Bxf4 24. Rxg6 Bxe3 25. Rxe6 Bxd2 26. Nc2 Rd7 27. Nd4
Be3 28. Nf5 Kf7 29. Nxe3 Kxe6 30. Nd5 Ke5 31. Nxb4 Kxe4 32. Nxa6 c5 33. Nxc5+
dxc5 34. Rxa8 Rc7 35. Rd8 Kf3 36. Rf8+ Ke2 37. Rd8 Kf3 38. Rf8+ Ke3 39. Rd8 Rb7
40. Rg8 Kd3 41. Rc8 Kd4 42. Rd8+ Ke5 43. Rd5+ Ke4 44. Rxc5 Rxb3 45. Rb5 Rd3 46.
Rg5 g6 47. Rg3 Rd2 48. b3 Rc2 49. h3 Kf4 50. Rg2 Rc3 51. Kh2 Rxb3 52. Rg4+ Kf5
53. Rg3 Rb2+ 54. Rg2 Rxg2+ 55. Kxg2 Ke4 56. Kg3 Kd4 57. Kg4 Kxc4 58. Kg5 Kd5
59. Kh6 Ke6 60. h4 Kf6 1/2-1/2

[Event "XXXI Moglianoscacchi B"]
[Site "Mogliano Veneto ITA"]
[Date "2010.05.02"]
[Round "4"]
[White "Ballarin, Pietro"]
[Black "Aprile, Martino"]
[Result "1-0"]
[WhiteElo "1634"]
[BlackElo "1841"]
[PlyCount "69"]
[EventDate "2010.04.30"]

1. e4 c5 2. Nf3 d6 3. d4 cxd4 4. Nxd4 Nf6 5. Nc3 g6 6. Be3 Bg7 7. f3 Nc6 8. Qd2
O-O 9. O-O-O Bd7 10. g4 a6 11. h4 b5 12. h5 Qa5 13. Kb1 Ne5 14. hxg6 fxg6 15.
Bh6 Rac8 16. Bxg7 Kxg7 17. Qh6+ Kg8 18. g5 Nf7 19. Qh4 Nh5 20. Nd5 Qd8 21. Be2
e5 22. Nf6+ Kg7 23. Nxh5+ gxh5 24. Qxh5 Rh8 25. Nf5+ Bxf5 26. exf5 Qg8 27. Qg4
Rd8 28. Bd3 Kf8 29. g6 hxg6 30. fxg6 Nh6 31. Qg5 Nf7 32. Qf6 Rxh1 33. Rxh1 Qg7
34. Rh8+ Qxh8 35. Qxf7# 1-0

[Event "XXXI Moglianoscacchi B"]
[Site "Mogliano Veneto ITA"]
[Date "2010.05.02"]
[Round "4"]
[White "Baybusinov, Izat"]
[Black "Reginato, Lino"]
[Result "1-0"]
[WhiteElo "1777"]
[BlackElo "1748"]
[PlyCount "43"]
[EventDate "2010.04.30"]

1. e4 e6 2. d4 d6 3. Nc3 Nf6 4. Bd3 Nbd7 5. Nf3 c5 6. d5 e5 7. O-O Be7 8. Be3
O-O 9. Nd2 a6 10. f4 b5 11. a3 c4 12. Be2 Nc5 13. Bxc5 dxc5 14. fxe5 Nd7 15. e6
fxe6 16. dxe6 Ne5 17. Rxf8+ Qxf8 18. Bg4 Qf6 19. Nd5 Qg5 20. Nf3 Qxg4 21. Nxe7+
Kf8 22. Qd8# 1-0

[Event "XXXI Moglianoscacchi B"]
[Site "Mogliano Veneto ITA"]
[Date "2010.05.02"]
[Round "4"]
[White "Bonan, Yves"]
[Black "Mihalcea, Vasile"]
[Result "1-0"]
[WhiteElo "1859"]
[BlackElo "1751"]
[PlyCount "21"]
[EventDate "2010.04.30"]

1. Nf3 Nf6 2. g3 g6 3. Bg2 d5 4. d3 Qd6 5. O-O e5 6. Nc3 Bg4 7. Bg5 Nbd7 8. Qd2
h6 9. Bxf6 Nxf6 10. e4 O-O-O 11. h3 {...} 1-0

[Event "XXXI Moglianoscacchi B"]
[Site "Mogliano Veneto ITA"]
[Date "2010.05.02"]
[Round "4"]
[White "Bortolussi, Andrea"]
[Black "Sotter-Klundt, Gerlinde"]
[Result "1-0"]
[WhiteElo "1914"]
[BlackElo "1813"]
[PlyCount "111"]
[EventDate "2010.04.30"]

1. e4 e6 2. d4 d5 3. Nd2 Nf6 4. e5 Nfd7 5. Bd3 c5 6. c3 Nc6 7. Ne2 cxd4 8. cxd4
Bb4 9. O-O O-O 10. Nf3 Be7 11. Bd2 Re8 12. Qc2 Nf8 13. a3 Bd7 14. b4 Rc8 15.
Qb2 Qb6 16. Bg5 a6 17. Rfc1 h6 18. Be3 Na5 19. Qa2 Nc6 20. Qd2 Na7 21. Nc3 Bb5
22. Nxb5 Nxb5 23. Qb2 Na7 24. Nd2 Nd7 25. Nb3 Rxc1+ 26. Rxc1 Rc8 27. Rxc8+ Nxc8
28. Qc1 Na7 29. Na5 Nc6 30. Nxc6 bxc6 31. Qc3 Qb7 32. h3 Bf8 33. Bc2 Nb6 34.
Qd3 g6 35. h4 Nc4 36. Bc1 Bg7 37. h5 Qe7 38. hxg6 fxg6 39. Qxg6 Qf7 40. Qxf7+
Kxf7 41. Ba4 Ke7 42. Bxc6 Kd8 43. Kh2 Kc7 44. Be8 Kd8 45. Ba4 Bf8 46. Kg3 Nb6
47. Bd1 Nc8 48. Be2 Ne7 49. Bd3 Kc7 50. Kg4 Kb6 51. Kh5 Nc6 52. Be3 Ne7 53. g4
Kb7 54. b5 axb5 55. Bxb5 Kc7 56. Bxh6 1-0

[Event "XXXI Moglianoscacchi B"]
[Site "Mogliano Veneto ITA"]
[Date "2010.05.02"]
[Round "4"]
[White "Bortolussi, Francesco"]
[Black "Campagnola, Giacomo"]
[Result "1-0"]
[WhiteElo "1634"]
[BlackElo "1868"]
[PlyCount "53"]
[EventDate "2010.04.30"]

1. e4 c5 2. Nc3 Nc6 3. f4 d6 4. Bc4 e6 5. Nf3 Nf6 6. d3 a6 7. a4 g6 8. O-O Bg7
9. Qe1 O-O 10. f5 exf5 11. Bg5 Ne7 12. Qh4 fxe4 13. dxe4 d5 14. Bxd5 Qb6 15. a5
Qxb2 16. Bxf6 Bxf6 17. Qxf6 Nxd5 18. Nxd5 Qxf6 19. Nxf6+ Kg7 20. Nd5 Bd7 21.
Nb6 Rad8 22. Nxd7 Rxd7 23. Rfd1 Re7 24. e5 h6 25. Rd5 c4 26. Rad1 Rc8 27. Rd7
1-0

[Event "XXXI Moglianoscacchi B"]
[Site "Mogliano Veneto ITA"]
[Date "2010.05.02"]
[Round "4"]
[White "Buzzatti, Francesco"]
[Black "Pisani, Valerio"]
[Result "1-0"]
[WhiteElo "1900"]
[BlackElo "1777"]
[PlyCount "51"]
[EventDate "2010.04.30"]

1. d4 d5 2. e4 e6 3. exd5 exd5 4. Nf3 Bd6 5. Be2 Be6 6. O-O h6 7. c4 c6 8. Qb3
Qc7 9. c5 Be7 10. Bf4 Qc8 11. Ne5 Nf6 12. Nd2 Nbd7 13. Qg3 g5 14. Nxd7 Qxd7 15.
Be5 O-O-O 16. Qa3 a6 17. b4 Rhg8 18. Rab1 Bg4 19. f3 Ne4 20. Nxe4 dxe4 21. fxg4
f6 22. Bg3 Qxd4+ 23. Kh1 e3 24. Bxa6 Qd2 25. Bc4 Rg6 26. Be6+ 1-0

[Event "XXXI Moglianoscacchi B"]
[Site "Mogliano Veneto ITA"]
[Date "2010.05.02"]
[Round "4"]
[White "Chiesa, Roberto"]
[Black "Zamengo, Fulvio"]
[Result "0-1"]
[WhiteElo "1803"]
[BlackElo "1907"]
[PlyCount "80"]
[EventDate "2010.04.30"]

1. d4 Nf6 2. c4 c5 3. d5 b5 4. cxb5 a6 5. f3 d6 6. e4 Nbd7 7. bxa6 g6 8. Nc3
Bg7 9. Bd3 Bxa6 10. Bxa6 Rxa6 11. Nge2 O-O 12. O-O Ne5 13. b3 Qb6 14. Be3 Rfa8
15. Qc2 Qb4 16. Rab1 Ne8 17. h3 Nc7 18. a4 Rb8 19. Kh1 Qb7 20. f4 Nd7 21. Rb2
Nf6 22. e5 Nfxd5 23. Bg1 Rb6 24. Rfb1 Ne6 25. Nxd5 Qxd5 26. Nc3 Qc6 27. f5 Nd4
28. Bxd4 cxd4 29. Nb5 Qxc2 30. Rxc2 dxe5 31. fxg6 hxg6 32. g4 f5 33. gxf5 gxf5
34. Rc7 R8b7 35. Rc8+ Kf7 36. Rg1 d3 37. Rd8 e4 38. Rf1 Rxb5 39. axb5 Rxb5 40.
Rd4 Bxd4 0-1

[Event "XXXI Moglianoscacchi B"]
[Site "Mogliano Veneto ITA"]
[Date "2010.05.02"]
[Round "4"]
[White "Cuppone, Fiorinto"]
[Black "Pelyushenko, Vladyslav"]
[Result "1/2-1/2"]
[WhiteElo "1619"]
[BlackElo "1791"]
[PlyCount "136"]
[EventDate "2010.04.30"]

1. e4 d6 2. d4 Nf6 3. Nc3 g6 4. f3 Bg7 5. Be3 c6 6. a4 Qa5 7. Bd3 Nbd7 8. g4 e5
9. Nge2 O-O 10. Ng3 exd4 11. Bxd4 Ne5 12. Be2 d5 13. g5 Nfd7 14. exd5 cxd5 15.
b3 Re8 16. Kf2 a6 17. Qd2 Nc6 18. Bxg7 Kxg7 19. Rad1 Qc5+ 20. Kg2 d4 21. Nce4
Qb4 22. Qxb4 Nxb4 23. Rd2 Nc6 24. Kf2 Nf8 25. Nd6 Re7 26. Nxc8 Rxc8 27. Bd3 Ne6
28. h4 Rec7 29. Re1 Re7 30. Re4 Rce8 31. Bc4 Nc5 32. Rxe7 Rxe7 33. Re2 Rd7 34.
Ne4 Nxe4+ 35. Rxe4 Nb4 36. Re2 d3 37. cxd3 Nxd3+ 38. Kg3 Nc5 39. Re5 Rc7 40.
Re3 a5 41. Kg4 Rd7 42. Re5 b6 43. Re3 Rd4+ 44. f4 Ne4 45. Re1 Nd6 46. Rc1 Nf5
47. Rc3 Rd2 48. Rd3 Rg2+ 49. Kh3 Re2 50. Rd7 Re3+ 51. Kh2 Re7 52. Rxe7 Nxe7 53.
Kg3 f5 54. gxf6+ Kxf6 55. Kg4 h5+ 56. Kg3 Nf5+ 57. Kh3 Nd4 58. Kg3 Nc6 59. Bb5
Nb4 60. Bc4 Nc2 61. Bd3 Nd4 62. Bc4 Nf5+ 63. Kh3 Ke7 64. Bd3 Kf6 65. Bc4 Ne3
66. Bd3 Nd1 67. Kg3 Nc3 68. Kf3 Nd5 1/2-1/2

[Event "XXXI Moglianoscacchi B"]
[Site "Mogliano Veneto ITA"]
[Date "2010.05.02"]
[Round "4"]
[White "Franceschini, Corrado"]
[Black "Rossi, Gianni"]
[Result "0-1"]
[WhiteElo "1817"]
[BlackElo "1886"]
[PlyCount "86"]
[EventDate "2010.04.30"]

1. e4 Nf6 2. e5 Nd5 3. d4 d6 4. Bc4 c6 5. Nf3 g6 6. O-O Bg7 7. exd6 Qxd6 8. Re1
O-O 9. c3 Bg4 10. h3 Bxf3 11. Qxf3 e6 12. b3 b5 13. Bxd5 Qxd5 14. Qxd5 cxd5 15.
Bb2 Nc6 16. Nd2 b4 17. Nf3 Rfc8 18. Rac1 bxc3 19. Bxc3 a5 20. a3 Bh6 21. Rb1
Bf8 22. b4 axb4 23. axb4 Na5 24. Rec1 Nc4 25. Rb3 Bh6 26. Rcb1 Na3 27. Ra1 Nb5
28. Rxa8 Rxa8 29. Kf1 Rc8 30. Bb2 Bg7 31. Ke1 Rc2 32. g4 Rc4 33. Nd2 Nxd4 34.
Bxd4 Rc1+ 35. Ke2 Bxd4 36. b5 Bb6 37. Rb2 Rc5 38. Nf3 f6 39. h4 Rc4 40. g5 Kf7
41. gxf6 Kxf6 42. Rb3 e5 43. Rb1 h6 0-1

[Event "XXXI Moglianoscacchi B"]
[Site "Mogliano Veneto ITA"]
[Date "2010.05.02"]
[Round "4"]
[White "Franco, Alessandro P."]
[Black "Bozzao, Francesco"]
[Result "1-0"]
[WhiteElo "1823"]
[BlackElo "1892"]
[PlyCount "85"]
[EventDate "2010.04.30"]

1. e4 c5 2. Nf3 d6 3. d4 cxd4 4. Nxd4 Nf6 5. Nc3 Nc6 6. Be3 g6 7. f3 Bg7 8. Bc4
O-O 9. g4 Ne5 10. Bb3 Bd7 11. h4 a5 12. a4 Rc8 13. Qd2 Nc4 14. Bxc4 Rxc4 15. h5
Qc8 16. hxg6 fxg6 17. Nd5 Nxd5 18. exd5 Bxd4 19. Bxd4 Rf7 20. b3 Rxd4 21. Qxd4
Qxc2 22. Qe3 Qc5 23. Qxc5 dxc5 24. Ke2 Rf4 25. Rhc1 b6 26. Rc4 Rf6 27. Ke3 h6
28. Re4 Rd6 29. Rh1 e6 30. dxe6 Bxe6 31. Rxh6 Bf7 32. f4 Kg7 33. g5 Bxb3 34.
Re7+ Bf7 35. f5 Kf8 36. f6 Re6+ 37. Rxe6 Bxe6 38. Rxg6 Bf7 39. Rg7 Be8 40. g6
Bxa4 41. Rh7 Bb3 42. Rh8+ Bg8 43. f7 1-0

[Event "XXXI Moglianoscacchi B"]
[Site "Mogliano Veneto ITA"]
[Date "2010.05.02"]
[Round "4"]
[White "Gennari, Jacopo"]
[Black "Lucich, Gianni"]
[Result "0-1"]
[WhiteElo "1724"]
[BlackElo "1496"]
[PlyCount "118"]
[EventDate "2010.04.30"]

1. d4 d5 2. c4 c6 3. Nc3 Nf6 4. Bg5 Nbd7 5. e3 e6 6. Bd3 Be7 7. Nf3 O-O 8. O-O
a6 9. c5 Re8 10. Qc2 h6 11. Bh4 Bf8 12. Bg3 Be7 13. h3 b5 14. b4 a5 15. a3 Bf8
16. Ne5 Nxe5 17. Bxe5 Nd7 18. Bh2 e5 19. f3 exd4 20. exd4 Qf6 21. Qf2 g6 22.
Bc7 a4 23. Rae1 Rxe1 24. Rxe1 Bg7 25. Re8+ Kh7 26. Ne2 Bb7 27. Qe3 Rxe8 28.
Qxe8 Qe6 29. Qxe6 fxe6 30. Nf4 Bxd4+ 31. Kf1 Nf8 32. Bd6 Be3 33. Nxd5 exd5 34.
Bxf8 Bc1 35. h4 h5 36. g4 hxg4 37. fxg4 Bc8 38. h5 Kg8 39. Bd6 gxh5 40. gxh5
Bg4 41. Bg6 Bxa3 42. Be5 Bc1 43. Ke1 Bh6 44. Bf6 Kf8 45. Kf2 Bg7 46. Bg5 a3 47.
h6 a2 48. Be7+ Kg8 49. hxg7 a1=Q 50. Be8 Qxg7 51. Bd6 Qb2+ 52. Kg3 Qxb4 53.
Bxc6 Be2 54. Bxd5+ Kh7 55. Be6 Qe4 56. Bh3 b4 57. Bg2 Qe3+ 58. Kh2 b3 59. Bf8
Qh6+ 0-1

[Event "XXXI Moglianoscacchi B"]
[Site "Mogliano Veneto ITA"]
[Date "2010.05.02"]
[Round "4"]
[White "Guarnieri, Matteo"]
[Black "Marson, Luca"]
[Result "1/2-1/2"]
[WhiteElo "1700"]
[BlackElo "1925"]
[PlyCount "117"]
[EventDate "2010.04.30"]

1. e4 c5 2. Nf3 d6 3. d4 cxd4 4. Nxd4 Nf6 5. Nc3 a6 6. Be2 e5 7. Nb3 Be7 8. O-O
Qc7 9. Bg5 Nbd7 10. Bg4 O-O 11. Bxd7 Bxd7 12. Bxf6 Bxf6 13. Nd5 Qd8 14. Qf3 Be7
15. Rfd1 Bc6 16. Na5 Rc8 17. Qb3 Bxd5 18. Rxd5 b5 19. Qb4 Rxc2 20. g3 Qb6 21.
Rf1 Qc7 22. a4 bxa4 23. Qxa4 Rb8 24. b3 Bf8 25. Nc4 Rc3 26. Na5 Rb5 27. Rxb5
axb5 28. Qa1 g6 29. Rd1 Rc2 30. Qb1 Qc5 31. Rf1 Qc3 32. Kg2 f5 33. exf5 gxf5
34. Kg1 e4 35. Qd1 Rd2 36. Qa1 Qxa1 37. Rxa1 Bg7 38. Rc1 Bd4 39. Rc6 Bxf2+ 40.
Kf1 Bc5 41. Nb7 Rxh2 42. Nxc5 dxc5 43. Rxc5 Rh5 44. Rxb5 Kf7 45. g4 Rh3 46.
gxf5 Rf3+ 47. Ke2 Kf6 48. b4 h5 49. Rb8 h4 50. b5 h3 51. b6 Rb3 52. Rh8 Kxf5
53. b7 Rxb7 54. Rxh3 Rb2+ 55. Ke1 Kf4 56. Kf1 Kg4 57. Rc3 Kf4 58. Rh3 Rb1+ 59.
Ke2 1/2-1/2

[Event "XXXI Moglianoscacchi B"]
[Site "Mogliano Veneto ITA"]
[Date "2010.05.02"]
[Round "4"]
[White "Mumelter, Igor"]
[Black "Pompili, Alberto"]
[Result "1/2-1/2"]
[WhiteElo "1856"]
[BlackElo "1849"]
[PlyCount "67"]
[EventDate "2010.04.30"]

1. e4 e6 2. d3 d5 3. Nd2 Bd6 4. Ngf3 Nd7 5. Qe2 Be7 6. g3 c6 7. Bg2 Qc7 8. O-O
Nf8 9. Re1 Nf6 10. Nf1 dxe4 11. dxe4 e5 12. Nh4 g6 13. Ne3 Be6 14. Bd2 N6d7 15.
Bc3 Rg8 16. Nf3 f6 17. b3 Bf7 18. a4 Ne6 19. Red1 Ng7 20. Ng4 Be6 21. Ne3 O-O-O
22. Nc4 Nb6 23. Ne3 Kb8 24. a5 Nc8 25. a6 b6 26. Nd2 Ne8 27. Bb2 Ned6 28. c4
Nf7 29. Rdc1 Bb4 30. Nf3 Bc5 31. Rd1 Rxd1+ 32. Rxd1 Rd8 33. Nc2 Rxd1+ 34. Qxd1
1/2-1/2

[Event "XXXI Moglianoscacchi B"]
[Site "Mogliano Veneto ITA"]
[Date "2010.05.01"]
[Round "4"]
[White "Negro, Raffaele"]
[Black "Maddaloni, Giovanni"]
[Result "0-1"]
[WhiteElo "1865"]
[BlackElo "1776"]
[PlyCount "98"]
[EventDate "2010.04.30"]

1. d4 Nf6 2. Nf3 g6 3. Nc3 Bg7 4. e4 d6 5. Be3 c6 6. Qd2 Qc7 7. Bd3 Nbd7 8. Bh6
Bxh6 9. Qxh6 b5 10. O-O Bb7 11. Qf4 O-O-O 12. d5 b4 13. dxc6 Bxc6 14. Ba6+ Kb8
15. Nd5 Qa5 16. Nxe7 Bxe4 17. Qxd6+ Qc7 18. Qxb4+ Ka8 19. Ng5 Nc5 20. Nxe4
Nfxe4 21. Bd3 f5 22. Bxe4+ fxe4 23. Nxg6 hxg6 24. g3 g5 25. Qc4 Qh7 26. h4 Nb7
27. Kg2 gxh4 28. Rh1 Qf5 29. Qe2 h3+ 30. Kh2 Rdf8 31. Rhf1 Nd8 32. Rad1 Ne6 33.
Qa6 Nc7 34. Qc6+ Kb8 35. Rd4 Qb5 36. Qxb5+ Nxb5 37. Rb4 a6 38. a4 e3 39. f4 Rd8
40. axb5 Rd2+ 41. Kh1 e2 42. bxa6+ Ka7 43. Re1 Rd1 44. Kh2 Rxe1 45. Re4 Rd8 46.
f5 Rd2 47. Kxh3 Rh1+ 48. Kg4 e1=Q 49. Rxe1 49... Rxe1 {...} 0-1

[Event "XXXI Moglianoscacchi B"]
[Site "Mogliano Veneto ITA"]
[Date "2010.05.02"]
[Round "4"]
[White "Pasqualetto, Lorenzo"]
[Black "Penzo, Amleto"]
[Result "0-1"]
[WhiteElo "1651"]
[BlackElo "1761"]
[PlyCount "52"]
[EventDate "2010.04.30"]

1. e4 c5 2. Nf3 d6 3. d4 cxd4 4. Nxd4 Nf6 5. Nc3 a6 6. Bg5 e6 7. f4 b5 8. Qf3
Bb7 9. Bd3 Be7 10. O-O-O Nbd7 11. g4 Nc5 12. Bxf6 Bxf6 13. Nce2 Qa5 14. Kb1 Na4
15. Nb3 Qc7 16. Ned4 O-O 17. g5 Bxd4 18. Nxd4 Rac8 19. h4 Nxb2 20. Kxb2 Qc3+
21. Kb1 Qxd4 22. Rhe1 Rc3 23. Qg4 Rfc8 24. g6 hxg6 25. h5 Rxd3 26. Rxd3 Qb4+
0-1

[Event "XXXI Moglianoscacchi B"]
[Site "Mogliano Veneto ITA"]
[Date "2010.05.02"]
[Round "4"]
[White "Pavanello, Roberto"]
[Black "Stefan, Marco"]
[Result "1-0"]
[WhiteElo "1837"]
[BlackElo "1862"]
[PlyCount "49"]
[EventDate "2010.04.30"]

1. d4 Nf6 2. c4 c5 3. e3 cxd4 4. exd4 d5 5. Nc3 dxc4 6. Bxc4 e6 7. Nf3 Qc7 8.
Qe2 Be7 9. O-O O-O 10. Be3 a6 11. Rac1 b5 12. Nd5 Qd8 13. Nxe7+ Qxe7 14. Bb3
Bb7 15. Bf4 Nd5 16. Bg3 Qf6 17. Ne5 Nf4 18. Qg4 Ng6 19. Rc7 Bd5 20. Bxd5 exd5
21. Rfc1 Nxe5 22. Bxe5 Qg6 23. Qf3 Rd8 24. Qxd5 Qg5 25. Qxf7+ 1-0